000 03971nam a2200613Ia 4500
001 dia_7354
003 CHAP
005 20240515181505.0
007 ta
008 220117s2018 mx abdefr 001 0 spa d
040 _cCHAP
_amxchpua
090 _aT.C.779
_bS99 EIUPA
_c2018
245 1 0 _aReporte megasuper :
_bsección panadería /
_ccoordinador Rosa Guadalupe Szymanski Duque ; colaboradores Elisa Arreortua Chavéz...[et al.]
260 _aMéxico :
_bEl autor,
_c2018
300 _acerca 100 hojas :
_bilustraciones, mapas, gráficas, diagramas, tablas, fotos, planos +
_e1 CD-ROM
336 _2rdacontent
_atexto
_btxt
337 _2rdamedia
_ano mediado
_bn
338 _2rdacarrier
_avolumen
_bnc
500 _a7° año Grupo 2 -- El CD contiene reporte y planos
502 _aViaje de Estudios
_b(EIUPA) --
_cUACh. Departamento de Ingeniería Agroindustrial,
_d2018
504 _aIncluye bibliografía
505 _a6 planos -- 1. Plano de distribución de áreas -- 2. Plano de distribución de equipos -- 3. Propuesta de plano distribución de áreas -- 4. Plano de distribución de áreas La valencia -- 5. Propuesta de distribución de áreas, La valencia -- 6. Propuesta de plano de distribución de áreas en Megasuper, La valencia
650 1 3 _aIndustria panadera
_9162987
_zCosta Rica
650 1 3 _aIniciativa empresarial
_9161584
_zCosta Rica
650 1 3 _aProductos horneados
_9149328
650 1 3 _aBaked goods
_9149794
650 1 3 _aBakery industry
_9162986
_zCosta Rica
650 1 3 _aEntrepreneurship
_9161583
_zCosta Rica
700 1 _aSzymanski Duque, Rosa Guadalupe
_9151434
_ecoordinadora
700 1 _aArreortua Chávez, Elisa
_9162988
_ecolaboradora
856 4 1 _uhttp://10.13.5.2/ve/TC779EIUPA/TC779EIUPA2018-PLANO-AREAS.pdf
_yDESCARGAR PLANO DE AREAS
856 4 1 _uhttp://10.13.5.2/ve/TC779EIUPA/TC779EIUPA2018-PLANO-AREA2.pdf
_yDESCARGAR PLANO DE AREAS 2
856 4 1 _uhttp://10.13.5.2/ve/TC779EIUPA/TC779EIUPA2018-PLANO-EQUIPOS.pdf
_yDESCARGAR PLANO DE EQUIPO
856 4 1 _uhttp://10.13.5.2/ve/TC779EIUPA/TC779EIUPA2018-PLANO-DISTRIBUCIONDEAREASPROPUESTA.pdf
_yDESCARGAR PLANO PROPUESTA DE DISTRIBUCION DE AREAS
856 4 1 _uhttp://10.13.5.2/ve/TC779EIUPA/TC779EIUPA2018-PLANO-AREASPROPUESTAPlano6propuestadistribuciondeareaslavalencia-Modelo.pdf
_yDESCARGAR PLANO PROPUESTA DE DISTRIBUCION DE AREAS VALENCIA-MODELO
856 4 1 _uhttp://10.13.5.2/ve/TC779EIUPA/TC779EIUPA2018-PLANO-DIBUJODELPROCESO.pdf
_yDESCARGAR DIBUJO DE PROCESO
856 4 1 _uhttp://10.13.5.2/ve/TC779EIUPA/TC779EIUPA2018-PLANO-DIAGRAMADEBLOQUES.pdf
_yDESCARGAR DIAGRAMA DE BLOQUES CIAPATTA
856 4 1 _uhttp://10.13.5.2/ve/TC779EIUPA/TC779EIUPA2018-PLANO-DIAGRAMADEBLOQUES2.pdf
_yDESCARGAR DIAGRAMA DE BLOQUES BAGUETTE
856 4 1 _uhttp://10.13.5.2/ve/TC779EIUPA/TC779EIUPA2018-PLANO-DIAGRAMADEBLOQUES3.pdf
_yDESCARGAR DIAGRAMA DE BLOQUES QUEQUE
856 4 1 _uhttp://10.13.5.2/ve/TC779EIUPA/TC779EIUPA2018-PLANO-DIAGRAMADEFLUJOPAN.pdf
_yDESCARGAR DIAGRAMA FLUJO DE PAN
856 4 1 _uhttp://10.13.5.2/ve/TC779EIUPA/TC779EIUPA2018-PLANO-ANALISISDEPELIGROSPAN.pdf
_yDESCARGAR ANALISIS DE PELIGROS PAN
856 4 1 _uhttp://10.13.5.2/ve/TC779EIUPA/TC779EIUPA2018-PLANO-DIBUJODEPROCESOQUEQUE.pdf
_yDESCARGAR DIBUJO DE PROCESO QUEQUE
856 4 1 _uhttp://10.13.5.2/ve/TC779EIUPA/TC779EIUPA2018-PLANO-DIBUJODEPROCESOBAGUETTE.pdf
_yDESCARGAR DIBUJO PROCESO BAGUETTE
856 4 1 _uhttp://10.13.5.2/ve/TC779EIUPA/TC779EIUPA2018-PLANO-DIAGRAMADEFLUJOPANDULCE.pdf
_yDESCARGAR DIAGRAMA DE FLUJO PAN DULCE
856 4 1 _uhttp://10.13.5.2/ve/TC779EIUPA/TC779EIUPA2018-PLANO-DIAGRAMADEFLUJOPANBAGUETTE.pdf
_yDESCARGAR DIAGRAMA DE FLUJO BAGUETTE
856 4 1 _uhttp://10.13.5.2/ve/TC779EIUPA/TC779EIUPA2018-REPORTE.pdf
_yDESCARGAR REPORTE
901 _aT.C.779 S99 EIUPA 2018
902 _aM
905 _a5232272018 MX NMEL8223123322SPA16
942 _2local
942 _cVE
999 _c178595
_d178595